00375nam a22000977a 4500003000500000005001700005008004100022050002600063082002800089245016000117SISC20160422141851.0130907t xxu||||| |||| 00| 0 eng d aMT 758 b.Sch313 1994 aHS 786.2193 bSch1 1994 aAdult piano course. Leading to mastery of the instrument. Book one : bProgressive succession of the John W. Schaum Adult piano course... cSchaum, John W